000 00408nam a22001577a 4500
005 20260313162902.0
008 260313b |||||||| |||| 00| 0 eng d
020 _a9780521899277
_qhbk
082 _a006.54
_bTAY
100 _a Taylor,Paul
245 _aText-to-Speech Synthesis
260 _aNew york
_bCambridge Univ Pr
_c31 March 2009
300 _axxvii 597 p.
504 _aindex
942 _cENGLISH
999 _c617714
_d617714